NETWORK THEORY (Record no. 8220)

MARC details
000 -LEADER
fixed length control field 00475nam a22001577a 4500
003 - CONTROL NUMBER IDENTIFIER
control field SGT
020 ## - INTERNATIONAL STANDARD BOOK NUMBER
International Standard Book Number 9788120326985
082 ## - DEWEY DECIMAL CLASSIFICATION NUMBER
Classification number 621.3
Item number GHO
100 ## - MAIN ENTRY--PERSONAL NAME
Personal name GHOSH,SAMARAJIT
245 ## - TITLE STATEMENT
Title NETWORK THEORY
Remainder of title ANALYSIS AND SYNTHESIS
260 ## - PUBLICATION, DISTRIBUTION, ETC. (IMPRINT)
Place of publication, distribution, etc NEW DELHI
Name of publisher, distributor, etc PHI
Year of Publication 2013
300 ## - PAGE DESCRIPTION
No. of Pages 729
650 ## - SUBJECT ADDED ENTRY--TOPICAL TERM
Topical term or geographic name as entry element ELECTRICAL ENGINEERING
653 ## - KEYWORDS--INDEX TERM
Keyword term NETWORK THEORY,KIRCHHOFF'S LAWS, DC NETWORKS THEOREMS, DC TRANSIENTS,SINGLE PHASE AC CIRCUITS, RESONANCE,THREE PHASE SYSTEMS,
942 ## - ADDED ENTRY ELEMENTS (KOHA)
Source of classification or shelving scheme Dewey Decimal Classification
Koha item type Books
Holdings
Withdrawn status Lost status Source of classification or shelving scheme Damaged status Use restrictions Not for loan Collection code Home library Current library Shelving location Date acquired Vendor Name Cost, normal purchase price SGTU Full call number Accession No. (Barcode) Date last seen Bill Date Koha item type
    Dewey Decimal Classification   Restricted Access Not For Loan ENGINEERING SGT Engineering Library SGT Engineering Library Reference Book 09/01/2016 GIFTED 425.00 SGTU 621.3 GHO FE6487 09/01/2016 09/01/2016 Books